PRINCIPLES AND PRACTICE OF OPERATIVE DENTISTRY (Record no. 2731)

MARC details
000 -LEADER
fixed length control field 00406nam a2200145Ia 4500
008 - FIXED-LENGTH DATA ELEMENTS--GENERAL INFORMATION
fixed length control field 150201s1988 xx 000 0 und d
082 ## - DEWEY DECIMAL CLASSIFICATION NUMBER
Classification number 617.6
Item number O1988O
100 ## - MAIN ENTRY--PERSONAL NAME
Personal name GERALAND
245 ## - TITLE STATEMENT
Title PRINCIPLES AND PRACTICE OF OPERATIVE DENTISTRY
250 ## - EDITION STATEMENT
Edition statement 3RD
260 ## - PUBLICATION, DISTRIBUTION, ETC. (IMPRINT)
Name of publisher, distributor, etc. VARGHESE PUBLISHING HOUSE
Place of publication, distribution, etc. DADAR(BOMBAY)
Date of publication, distribution, etc. 1988
300 ## - PHYSICAL DESCRIPTION
Extent 1-496
650 ## - SUBJECT ADDED ENTRY--TOPICAL TERM
Topical term or geographic name as entry element CONSERVATIVE DENTISTRY & ENDODONTICS
942 ## - ADDED ENTRY ELEMENTS (KOHA)
Source of classification or shelving scheme Dewey Decimal Classification
Koha item type Books
Holdings
Withdrawn status Lost status Source of classification or shelving scheme Damaged status Not for loan Home library Current library Date acquired Source of acquisition Cost, normal purchase price Serial Enumeration / chronology SGTU Bill Number Total Checkouts Full call number Barcode Date last seen Date last checked out Bill Date Koha item type
    Dewey Decimal Classification     SGT Dental Library SGT Dental Library 13/07/2003 U.B.S.DELHI 315.00 1 SGTU 279 1 617.6 O1988O FD1113 23/01/2016 12/01/2016 13/02/2012 Books
    Dewey Decimal Classification     SGT Dental Library SGT Dental Library 13/07/2003 U.B.S.DELHI 315.00 1 SGTU 279   617.6 O1988O FD1114 09/02/2015   13/02/2012 Books
    Dewey Decimal Classification     SGT Dental Library SGT Dental Library 13/07/2003 U.B.S.DELHI 315.00 1 SGTU 279   617.6 O1988O FD1115 09/02/2015   13/02/2012 Books